[Event "Lipetsk op"]
[Site "Lipetsk"]
[Date "2010.06.23"]
[Round "1"]
[White "Kurbatov, Andrei"]
[Black "Grigorjev, Yurjy"]
[Result "1-0"]
[WhiteElo "2135"]
[BlackElo "1968"]
[PlyCount "73"]
[EventDate "2010.06.23"]
[EventType "swiss"]
[EventRounds "9"]
[EventCountry "RUS"]
[SourceTitle "CBM 137 Extra"]
[Source "ChessBase"]
[SourceDate "2010.09.01"]
[SourceVersion "1"]
[SourceVersionDate "2010.09.01"]
[SourceQuality "1"]

1. d4 Nf6 2. c4 g6 3. Nc3 d5 4. Nf3 Bg7 5. Bg5 Ne4 6. cxd5 Nxc3 7. bxc3 Qxd5 8. Qb3 Qxb3 9. axb3 h6 10. Bf4 Na6 11. e4 c5 12. Bb5+ Kf8 13. 0-0 cxd4 14. cxd4 Nb4 15. Rac1 a6 16. Be2 Bg4 17. Rc7 g5 18. Bg3 Bxf3 19. Bxf3 b5 20. d5 Rd8 21. Bh5 f5 22. d6 exd6 23. exf5 Nd5 24. Ra7 Bd4 25. Rxa6 Be5 26. Bxe5 dxe5 27. Rd1 Kg7 28. Ra7+ Kf8 29. Bf3 Rc8 30. Rxd5 Rc1+ 31. Bd1 Rc8 32. Rdd7 e4 33. b4 Ke8 34. Bh5+ Kf8 35. Rf7+ Kg8 36. Rg7+ Kf8 37. Raf7+ 1-0